000 00725nam a22002057a 4500
999 _c18711
_d18711
003 AR-CdUCM
008 190515b ||||| |||| 00| 0 spa d
040 _aMUNICIPALIDAD PROVINCIAL DEL CUSCO
_cBIBLIOTECA MUNICIPAL DEL CUSCO
082 _a504 /
_bO57
100 _aOppenheimer, J. Robert
_939454
245 _aCiencia y entendimiento común /
260 _aBuenos Aires :
_bGalatea nueva visión,
_c1957.
300 _a134 páginas ;
_c21 cm.
505 _aContenido : Newton: El rayo de luz -- La ciencia como acción: El mundo de Rutherford -- Una ciencia en evolución ...
650 _aCiencia
_92098
650 _aConocimiento
_95704
650 _aSociedad
_953
942 _2ddc
_cLIBROS
945 _arah
_d2019/05/15